00546nam a2200181 a 45000010010000000030011000100080041000210350026000620820016000881000020001042450037001242600054001616500011002159420012002269520091002389980020003299990015003490000-8618ELIB.Books110520 2008  a(ELIB.Books)0000-8764 aM.Div bRay aRay Mu Dee, Naw aThe Wisdom of Israel in Proverbs bInsein: Karen Baptist Theological Seminary c2008 aThesis 2ddccBK 00102ddc4070aKBTSbKBTSd2011-05-20l0p30393r2022-01-22 00:00:00w2022-01-22yBK cbate2011-05-20 c8618d8618